书目信息 |
| 题名: |
科技新概念
|
|
| 作者: | 钱俊生 主编 | |
| 分册: | ||
| 出版信息: | 北京 中共中央党校出版社 2004.06 |
|
| 页数: | 13, 445页 | |
| 开本: | 23cm | |
| 丛书名: | 领导干部知识新概念丛书 | |
| 单 册: | ||
| 中图分类: | G301 | |
| 科图分类: | ||
| 主题词: | 科学技术--ke xue ji shu--基本知识 | |
| 电子资源: | ||
| ISBN: | 7-5035-2938-5 | |
| 000 | 00981nam 2200277 450 | |
| 001 | 012006168303 | |
| 005 | 20060313120004.50 | |
| 010 | @a7-5035-2938-5@dCNY40.00 | |
| 100 | @a20060313d2004 km y0chiy0120 ea | |
| 101 | 0 | @achi |
| 102 | @aCN@b110000 | |
| 105 | @ay a 000yy | |
| 200 | 1 | @a科技新概念@Ake ji xin gai nian@d= New concept@f钱俊生主编@Fqian jun sheng zhu bian@zeng |
| 210 | @a北京@c中共中央党校出版社@d2004.06 | |
| 215 | @a13, 445页@d23cm | |
| 225 | 2 | @a领导干部知识新概念丛书@Aling dao gan bu zhi shi xin gai nian cong shu |
| 312 | @a英文题名取自封面。 | |
| 320 | @a有书目 (第443-444页)。 | |
| 330 | @a本书分为科学技术总论、基础科学、技术科学、科学工程、可持续发展与环境保护以及现代科学方法六部分内容。 | |
| 410 | 0 | @12001 @a领导干部知识新概念丛书 |
| 510 | @aNew concept@zeng | |
| 606 | 0 | @a科学技术@Ake xue ji shu@j基本知识 |
| 690 | @aG301@v4 | |
| 701 | 0 | @a钱俊生@Aqian jun sheng@4主编 |
| 801 | 0 | @aCN@bQSSK@c20060313 |
| 905 | @a10447@dG301@eQ206 | |
| 科技新概念= New concept/钱俊生主编.-北京:中共中央党校出版社,2004.06 |
| 13, 445页;23cm.-(领导干部知识新概念丛书) |
| ←并列题名:New concept |
| ISBN 7-5035-2938-5:CNY40.00 |
| 本书分为科学技术总论、基础科学、技术科学、科学工程、可持续发展与环境保护以及现代科学方法六部分内容。 |
| ● |
| 相关链接 |
|
|
|
正题名:科技新概念
索取号:G301/Q206
 
预约/预借
| 序号 | 登录号 | 条形码 | 馆藏地/架位号 | 状态 | 备注 |
| 1 | 555813 | 205558136 | 社科库409/409社科库 60排5列4层/ [索取号:G301/Q206] | 在馆 | |
| 2 | 555814 | 205558145 | 社科库409/409社科库 60排5列4层/ [索取号:G301/Q206] | 在馆 | |
| 3 | 555815 | 205558154 | 社科库409/409社科库 60排5列4层/ [索取号:G301/Q206] | 在馆 |